Ministres de l'Ecologie/Environnement sous la Ve République - Statistiques

Statistiques générales
  • Ce quiz a été pris 107 fois
    32 depuis la dernière actualisation
  • Le résultat moyen est 11 sur 34
Statistiques - réponses
Nom du Ministère Gouvernements(s) Dates de fonction Nom du Ministre % Correct
Environnement Bérégovoy 1992-1993 Ségolène Royal
73%
Environnement, Énergie et Mer, chargée des Relations internationales sur le climat Valls I et II, Cazeneuve 2014-2017 Ségolène Royal
73%
Transition écologique, énergie, climat et prévention des risques Barnier, Bayrou, Lecornu I 2024-2025 Agnès Pannier-Runacher
67%
Transition écologique et solidaire Philippe I et II 2017-2018 Nicolas Hulot
67%
Transition écologique Castex 2020-2022 Barbara Pompili
60%
Aménagement du territoire et environnement Jospin 1997-2001 Dominique Voynet
47%
Transition écologique et solidaire Philippe II 2019-2020 Elisabeth Borne
47%
Transition écologique, biodiversité et négociations internationales sur le climat et la nature Lecornu II 2025- Monique Barbut
47%
Ecologie et développement durable Raffarin I et II 2002-2004 Roselyne Bachelot
47%
Environnement Rocard I et II, Cresson 1988-1992 Brice Lalonde
40%
Transition écologique et solidaire Philippe II 2018-2019 François de Rugy
40%
Ecologie, Énergie, Développement durable et Mer Fillon II 2007-2010 Jean-Louis Borloo
40%
Ecologie, développement durable, transports et logement Fillon III 2010-2012 Nathalie Kosciusko-Morizet
40%
Transition écologique et cohésion des territoires Borne 2022-2024 Christophe Béchu
33%
Environnement Juppé I et II 1995-1997 Corinne Lepage
33%
Ecologie, développement durable et énergie Ayrault II 2012-2013 Delphine Batho
33%
Environnement Balladur 1993-1995 Michel Barnier
33%
Ecologie, Aménagements et développement durables Fillon I 2007 Alain Juppé
27%
Transition écologique et cohésion des territoires Borne 2022 Amélie de Montchalin
27%
Ecologie, développement durable, transports et logement (tout en étant premier ministre) Fillon III 2012 François Fillon
27%
Ecologie, développement durable et énergie Ayrault I 2012 Nicole Bricq
27%
Ecologie et développement durable Raffarin III 2004-2005 Serge Lepeltier
27%
Aménagement du territoire et environnement Jospin 2001-2002 Yves Cochet
27%
Ecologie et développement durable Villepin 2005-2007 Nelly Olin
20%
Ecologie, développement durable et énergie Ayrault II 2013-2014 Philippe Martin
20%
Environnement Mauroy III, Fabius 1983-1986 Huguette Bouchardeau
13%
Environnement Mauroy I et II 1981-1983 Michel Crépeau
13%
Protection de la nature et de l'environnement Chaban-Delmas, Messmer I et II 1971-1974 Robert Poujade
13%
Ministre délégué à l'Environnement Chirac II 1986-1988 Alain Carignon
7%
Affaires culturelles et environnement Messmer III 1974 Alain Peyrefitte
7%
Qualité de vie Chirac I 1976 André Fosset
0%
Qualité de vie Chirac I 1974-1976 André Jarrot
0%
Environnement et cadre de vie Barre II et III 1977-1981 Michel d'Ornano
0%
Qualité de vie Barre I 1976-1977 Vincent Ansquer
0%
Aucun quiz correspondant
Distribution des résultats
% des personnes avec chaque résultat
Percentile par nombre de réponses
Votre historique - résultats
Vous n’avez pas pris ce quiz depuis la dernière actualisation